000 04561nam a2200433 i 4500
001 xb23855289
006 m d
007 cr n
008 150921t20152015enkab sb 001 0 eng d
020 _a9781783740994
_q(pdf)
020 _a9781783741007
_q(epub)
020 _a9781783741014
_q(mobi)
020 _z9781783740970 (Paperback)
020 _z9781783740987 (Hardback)
040 _aStSaUL
_beng
_erda
245 0 0 _aMr Emerson's revolution
_h[electronic resource] /
_cedited by Jean McClure Mudge.
264 1 _bOpen Book Publishers,
300 _a1 online resource (490 pages) :
_billustrations (some colour), maps.
500 _aAvailable through Open Book Publishers.
504 _aIncludes bibliography (pages 423-433) and index.
505 0 _aContributors -- Foreword: Emerson's Renewing Power / John Stauffer and Steven Brown -- Introduction: Emerson as Spiritual and Social Revolutionary / Jean McClure Mudge -- The Making of a Protester. 1.1 A Legacy of Revolt, 1803-1821 / Phyllis Cole -- 1.2 Becoming an American "Adam," 1822-1835 / Wesley T. Mott -- Public and Private Revolutions. 2.1 The "New Thinking": Nature, Self, and Society, 1836-1850 / David M. Robinson -- 2.2 Dialogues with Self and Society, 1835-1860 / Jean McClure Mudge -- Emerson the Reformer. 3. A Pragmatic Idealist in Action, 1850-1865 / Len Gougeon -- Emerson's Evolving Emphases. 4. Actively Entering Old Age, 1865-1882 / Jean McClure Mudge -- Emerson's Legacy in America. 5. Spawning a Wide New Consciousness / Jean McClure Mudge -- Emerson in the West and East. 6.1 Europe in Emerson and Emerson in Europe / Beniamino Soressi 6.2 Asia in Emerson and Emerson in Asia / Alan Hodder -- Emerson: A Chronology -- Selected Bibliography -- List of Illustrations -- Index.
506 _aOpen access resource providing free access.
520 _a"This volume traces the life, thought and work of Ralph Waldo Emerson, a giant of American intellectual history, whose transforming ideas greatly strengthened the two leading reform issues of his day: abolition and women's rights. A broad and deep, yet cautious revolutionary, he spoke about a spectrum of inner and outer realities-personal, philosophical, theological and cultural-all of which gave his mid-career turn to political and social issues their immediate and lasting power. This multi-authored study frankly explores Emerson's private prejudices against blacks and women while he also publicly championed their causes. Such a juxtaposition freshly charts the evolution of Emerson's slow but steady application of his early neo-idealism to emancipating blacks and freeing women from social bondage. His shift from philosopher to active reformer had lasting effects not only in America but also abroad. In the U.S. Emerson influenced such diverse figures as Thoreau, Whitman, Dickinson and William James, and in Europe, Mickiewicz, Wilde, Kipling, Nietzsche, and Camus, as well as many leading followers in India and Japan. The book includes over 170 illustrations, among them eight custom-made maps of Emerson's haunts and wide-ranging lecture itineraries as well as a new four-part chronology of his life placed alongside both national and international events as well as major inventions. Mr. Emerson's Revolution provides essential reading for students and teachers of American intellectual history, the abolitionist and women's rights movement-and for anyone interested in the nineteenth-century roots of these seismic social changes."--Publisher's website.
538 _aMode of access: World Wide Web.
540 _aThis work is licensed under a Creative Commons Attribution 4.0 International license (CC BY 4.0). For more detailed information consult the publisher's website.
600 1 0 _aEmerson, Ralph Waldo,
_d1803-1882
_xCriticism and interpretation.
600 1 0 _aEmerson, Ralph Waldo,
_d1803-1882
_xInfluence.
600 1 0 _aEmerson, Ralph Waldo,
_d1803-1882
_xPolitical and social views.
650 0 _aAntislavery movements
_zUnited States
_xHistory
_y19th century.
650 0 _aWomen's rights
_zUnited States
_xHistory
_y19th century.
700 1 _aMudge, Jean McClure,
_d1933-
_eeditor.
710 2 _aOpen Book Publishers,
_epublisher.
856 4 0 _uhttp://doi.org/10.11647/OBP.0065
_zConnect to e-book
856 4 2 _uhttp://www.openbookpublishers.com/shopimages/products/cover/310
_zConnect to cover image
999 _c29187
_d29187